000 00651nam a2200229Ia 4500
003 OSt
005 20221007074247.0
006 a|||||r|||| 00| 0
007 ta
008 221006b |||||||| |||| 00| 0 eng d
024 _a14,412
037 _cTextual
040 _aFLL
_cFLL
_beng
041 _2eng
_aeng
082 _aX:8.73.N7, M0
100 _aDuffee David
_9127704
245 0 _aCorrectional management change and control in correctional organizations
260 _aN.J.
_bPrentice-Hall, Inc. N.J.
_c1980
300 _aviii,407p
_ccm.
942 _hX:8.73.N7, M0
_cTEXL
_2CC
999 _c1151727
_d1151727